000 00402nam a2200133Ia 4500
008 140611s9999 xx 000 0 und d
020 _a9787107207969
050 _aPL 1129
_b.K83w2 2011
245 _aKuaile Hanyu 2 :
_bWork book /
260 _aChina :
_bPeople Education Press,
_cc2011.
300 _a158 p. :
_bcol. Ill. ;
_c27 cm.
650 _aChinese Language
_xStudy and Teachings
999 _c118407
_d118407